| 000 | 00719nam a22002537a 4500 | ||
|---|---|---|---|
| 001 | 35430 | ||
| 003 | BD-RjUL | ||
| 005 | 20211209052323.0 | ||
| 008 | 140525r19731937enk |||| |||| 001 0 eng d | ||
| 020 | _a0852641400 | ||
| 035 | _a(BD-RjUL)35524 | ||
| 040 |
_aBD-RjUL _beng _cBD-RjUL |
||
| 041 | _aeng | ||
| 082 |
_a519.5 _bYUI 1973 |
||
| 100 | 1 |
_aYule Udny G. _9107882 |
|
| 245 |
_aAn introduction to the theory of statistics / _cG Udny Yule; Maurice G Kendall |
||
| 250 | _a11th ed | ||
| 260 |
_aLondon : _b Charles Griffin, _c1937 [Reprintewd 1973] |
||
| 300 |
_axi,701 p ; _c21 cm. |
||
| 504 | _aIncludes Index | ||
| 650 |
_aStatistices _9107845 |
||
| 700 | 1 |
_aKendall Maurice G _9107883 |
|
| 942 |
_2ddc _cBK _02 |
||
| 999 |
_c35430 _d35430 |
||